000 01445cam a2200157 4500500
005 20260208010426.0
041 _afre
042 _adc
100 1 0 _aDelfosse, Annick
_eauthor
245 0 0 _aMedieval Virginities, éd. Anke BERNAU, Ruth EVANS et Sarah SALIH, Cardiff, University of Wales Press, 2003 ; 1 vol., XIV-296 p. (Religion & Culture in the Middle Ages). ISBN : 0-7083-1761-6. Prix : GBP 40.
260 _c2006.
500 _a36
520 _aJean Gerson’s position towards women (1363-1429). The article discusses the question of Jean Gerson’s (1363-1429) attitude toward women. Based on several texts where women appear in various social roles: as spouses, sisters, mothers and nuns, the study aims at forming a more nuanced opinion on this subject. Particular attention will be paid to the analysis of texts where women appear as independent devotees. While recognizing the complex and even contradictory character of Gerson’s position towards women, the article seeks to place it in the general perspective of his “theological vulgarization” project, through which he aims to leading the largest number of the faithful to a life of contemplation. The author argues that Gerson gives women a new important role in this project.
786 0 _nLe Moyen Age | CXII | 2 | 2006-09-01 | p. XXIV-XXIV | 0027-2841
856 4 1 _uhttps://shs.cairn.info/revue-le-moyen-age-2006-2-page-XXIV?lang=fr&redirect-ssocas=7080
999 _c1656477
_d1656477